[Event "Mechanics' Spring TNM; G/2 d5"]
[Site "San Francisco"]
[Date "2018.05.08"]
[Round "8.41"]
[White "Kondakova, Elena"]
[Black "Capdeville, Barry"]
[Result "1-0"]
[WhiteElo "1464"]
[BlackElo "1173"]
[PlyCount "75"]
[EventDate "2018.??.??"]
[Source "ChessBase"]
[SourceDate "2007.09.04"]

1. e4 e5 2. Nf3 Nf6 3. Nxe5 d6 4. Nf3 Nxe4 5. Qe2 Qe7 6. d3 Nf6 7. Nc3 Nc6 8.
Nb5 Ne5 9. Nxe5 dxe5 10. Bd2 a6 11. Nc3 c5 12. Ne4 Nxe4 13. Qxe4 Qf6 14. Bc3
Bd6 15. O-O-O O-O 16. Re1 Re8 17. f4 Bf5 18. Qxb7 Reb8 19. Qd5 Qh6 20. g3 Be7
21. Bxe5 Rd8 22. Qf3 Bf6 23. Bg2 Bxe5 24. Rxe5 Bd7 25. Rd5 Qc6 26. Re5 Qxf3 27.
Bxf3 Rac8 28. Bb7 Rb8 29. Bxa6 Ra8 30. Bc4 Rac8 31. Re7 Be8 32. Rhe1 Kf8 33.
Ra7 Rd7 34. Rxd7 Bxd7 35. Re5 Rc6 36. Bb5 Rc7 37. Bxd7 Rxd7 38. Rxc5 1-0

[Event "Mechanics' Spring TNM; G/2 d5"]
[Site "San Francisco"]
[Date "2018.04.03"]
[Round "3.48"]
[White "Kondakova, Elena"]
[Black "Enkhjargal, Gabriel"]
[Result "1-0"]
[WhiteElo "1464"]
[BlackElo "943"]
[PlyCount "49"]
[EventDate "2018.??.??"]
[Source "ChessBase"]
[SourceDate "2007.09.04"]

1. e4 e5 2. Nf3 Nc6 3. Bc4 Nf6 4. d3 Bc5 5. O-O O-O 6. h3 d6 7. Re1 Re8 8. Nbd2
Be6 9. Bb3 Bd4 10. c3 Bb6 11. Nf1 Qd7 12. Ng3 Rad8 13. Nh4 Na5 14. Bc2 d5 15.
Nhf5 Bxf5 16. Nxf5 d4 17. cxd4 exd4 18. a3 c5 19. Ba4 Nc6 20. Bg5 Qe6 21. Bb3
Qe5 22. f4 Qc7 23. Bxf6 gxf6 24. Qg4+ Kf8 25. Qg7# 1-0

[Event "Mechanics' Summer TNM; G/2 d/5"]
[Site "San Francisco"]
[Date "2018.07.10"]
[Round "7.26"]
[White "Kondakova, Elena"]
[Black "Huberts, Alexander"]
[Result "0-1"]
[WhiteElo "1381"]
[BlackElo "1694"]
[PlyCount "56"]
[EventDate "2018.??.??"]
[Source "ChessBase"]
[SourceDate "2007.09.04"]

1. e4 c6 2. c4 d5 3. cxd5 cxd5 4. exd5 Nf6 5. Nf3 Nxd5 6. Bc4 Nb6 7. Bb3 Bg4 8.
O-O e6 9. Nc3 Be7 10. d4 O-O 11. Be3 N8d7 12. h3 Bh5 13. Rc1 Nf6 14. Nb5 Nfd5
15. Qe2 Qd7 16. Nc3 Rac8 17. Ne4 Nxe3 18. Qxe3 Nd5 19. Bxd5 Qxd5 20. a3 Bg6 21.
Rfe1 Rxc1 22. Rxc1 Bxe4 23. Re1 Bxf3 24. Qxf3 Qxf3 25. gxf3 Rd8 26. Rd1 Bf6 27.
Kf1 Rxd4 28. Rxd4 Bxd4 0-1

[Event "Mechanics' Spring TNM; G/2 d5"]
[Site "San Francisco"]
[Date "2018.03.20"]
[Round "1.16"]
[White "Kondakova, Elena"]
[Black "Lilles, Alex Pierre"]
[Result "0-1"]
[WhiteElo "1464"]
[BlackElo "1641"]
[PlyCount "44"]
[EventDate "2018.??.??"]
[Source "ChessBase"]
[SourceDate "2007.09.04"]

1. e4 c5 2. Nf3 Nc6 3. d4 cxd4 4. Nxd4 d6 5. Nc3 Nf6 6. Be3 a6 7. f3 Qc7 8. Qd2
e5 9. Nb3 Be6 10. O-O-O Rd8 11. Nd5 Bxd5 12. exd5 Ne7 13. Bg5 Nexd5 14. Bxf6
Nxf6 15. Qb4 d5 16. Qa4+ Rd7 17. Be2 (17. g3 Qc6 18. Qxc6 bxc6 19. Bh3 Rc7 20.
Rhe1 Bd6 21. c4) 17... Bd6 18. h3 O-O 19. Kb1 Rc8 20. Nd2 d4 21. Nc4 b5 22.
Qxa6 bxc4 0-1

[Event "Mechanics' Winter TNM; G/2 d5"]
[Site "San Francisco"]
[Date "2018.02.13"]
[Round "6.25"]
[White "Krasnov, Steven"]
[Black "Allen, Tom Carter"]
[Result "1-0"]
[WhiteElo "1908"]
[BlackElo "1400"]
[PlyCount "31"]
[EventDate "2018.??.??"]
[Source "ChessBase"]
[SourceDate "2007.09.04"]

1. e4 e5 2. Nc3 Nc6 3. f4 exf4 4. Nf3 Nf6 5. d4 Bb4 6. Bd3 O-O 7. O-O Bxc3 8.
bxc3 d6 9. Bxf4 Re8 10. Re1 Bg4 11. Rb1 Nh5 12. Bd2 Rb8 13. Rb5 Ne7 14. Rg5 Qd7
15. h3 Bxf3 16. Qxf3 1-0

[Event "Mechanics' Summer TNM; G/2 d5"]
[Site "San Francisco"]
[Date "2018.06.26"]
[Round "5.4"]
[White "Krasnov, Steven"]
[Black "Argo, Guy"]
[Result "0-1"]
[WhiteElo "1855"]
[BlackElo "1940"]
[PlyCount "58"]
[EventDate "2018.??.??"]
[Source "ChessBase"]
[SourceDate "2007.09.04"]

1. d4 e6 2. Nc3 f5 3. e4 fxe4 4. Nxe4 Nf6 5. Bg5 Be7 6. Bxf6 Bxf6 7. Nf3 O-O 8.
Bd3 d5 9. Ng3 c5 10. c3 cxd4 11. Nxd4 Bxd4 12. cxd4 Qh4 13. O-O Nc6 14. Ne2 e5
15. dxe5 Nxe5 16. f3 Bd7 17. Bc2 Bc6 18. Bb3 Nc4 19. Qc1 Rae8 20. g3 Qe7 21.
Bxc4 Qc5+ 22. Kg2 dxc4 23. Qd2 Re3 24. Ng1 Rd3 25. Qf2 Qd5 26. Rae1 Rdxf3 {
Neither scoresheet says which rook!} 27. Nxf3 Rxf3 28. Re8+ Rf8+ 29. Qf3 Qxf3+
0-1

[Event "Mechanics' Summer TNM; G/2 d/5"]
[Site "San Francisco"]
[Date "2018.06.19"]
[Round "4.4"]
[White "Krasnov, Steven"]
[Black "Davila, Carlos"]
[Result "1-0"]
[WhiteElo "1855"]
[BlackElo "2128"]
[PlyCount "53"]
[EventDate "2018.??.??"]
[Source "ChessBase"]
[SourceDate "2007.09.04"]

1. e4 a6 2. Nc3 b5 3. d3 Bb7 4. g3 e6 5. Bg2 b4 6. Nce2 d5 7. Be3 Nf6 8. f3 c5
9. Nh3 h6 10. c3 a5 11. Rc1 Nbd7 12. Nf2 g5 13. O-O Be7 14. f4 h5 15. fxg5 Ng4
16. Nxg4 hxg4 17. g6 fxg6 18. Nf4 Ne5 19. Nxe6 Qd7 20. exd5 c4 21. dxc4 Bd6 22.
c5 Rxh2 23. Kxh2 Qh7+ 24. Kg1 Nf3+ 25. Rxf3 gxf3 26. Qxf3 Be7 27. c6 1-0

[Event "Mechanics' Spring TNM; G/2 d5"]
[Site "San Francisco"]
[Date "2018.04.10"]
[Round "4.26"]
[White "Krasnov, Steven"]
[Black "Erdenebileg, Matthew"]
[Result "1-0"]
[WhiteElo "1908"]
[BlackElo "1477"]
[Annotator "Donaldson"]
[PlyCount "111"]
[EventDate "2018.??.??"]
[Source "ChessBase"]
[SourceDate "2007.09.04"]

1. Nf3 d5 2. c4 c6 3. e3 Nf6 4. Nc3 e6 5. d4 Nbd7 6. Qc2 a6 7. a3 dxc4 8. Bxc4
b5 9. Bd3 Bb7 10. O-O Be7 11. e4 c5 12. Re1 Rc8 13. h3 O-O 14. e5 Bxf3 15. exf6
Nxf6 16. dxc5 Bb7 17. b4 h6 18. Bf4 Nd5 19. Rad1 Qe8 20. Nxd5 Bxd5 {Diagram [#]
} 21. f3 $2 (21. Bh7+ $1 Kh8 22. Rxd5 $1 exd5 23. Bf5 $1 (23. Bd6 $2 Bxd6 24.
Rxe8 Rfxe8 $14) 23... Rd8 24. Bd6 $18 (24. c6 $18)) 21... Qc6 22. Bh7+ Kh8 23.
Be4 $1 Bxe4 24. Rxe4 Rcd8 25. Red4 Bf6 26. Rd6 Rxd6 27. Rxd6 Qc8 28. Qd2 Kh7
29. g4 g5 30. Be3 Rd8 31. c6 Qc7 32. Bc5 Be7 33. Rd7 Qg3+ 34. Qg2 Qe1+ 35. Kh2
Qe5+ 36. Kh1 Qe1+ 37. Qg1 Qxg1+ 38. Kxg1 Rxd7 39. cxd7 Bd8 40. Kf2 Kg6 41. Ke3
Kf6 42. Ke4 Bc7 43. Bf8 Bd8 44. Kd4 Bb6+ 45. Bc5 Bd8 46. Bf8 Bb6+ 47. Ke4 Bd8
48. Bxh6 Be7 49. f4 gxf4 50. Bxf4 Bd8 51. Bd6 Kg6 52. h4 f6 53. Kf4 Kf7 54. g5
fxg5+ 55. hxg5 Kg6 56. Ke5 1-0

[Event "Mechanics' Bedjanian TNM; G/2 d/5"]
[Site "San Francisco"]
[Date "2018.11.13"]
[Round "4.23"]
[White "Krasnov, Steven"]
[Black "Francis, Daniel"]
[Result "1-0"]
[WhiteElo "1869"]
[BlackElo "1594"]
[PlyCount "69"]
[EventDate "2018.??.??"]
[Source "ChessBase"]
[SourceDate "2007.09.04"]

1. Nf3 d5 2. c4 d4 3. g3 Nc6 4. Bg2 e5 5. d3 Bf5 6. O-O Qd7 7. a3 a5 8. Qa4 Ra6
9. Nbd2 Nf6 10. Nh4 Bh3 11. Ndf3 Be7 12. Bxh3 Qxh3 13. Nxe5 Ng4 14. Nxg4 Bxh4
15. f3 Bxg3 16. hxg3 h5 17. Nh2 Qxg3+ 18. Kh1 Kf8 19. Qb5 Rb6 20. Qd5 Kg8 21.
b4 Nxb4 22. axb4 Re6 23. Ra2 Rg6 24. e4 h4 25. Qxd4 Rh5 26. Rg1 Qxg1+ 27. Qxg1
Rxg1+ 28. Kxg1 axb4 29. Ra7 b5 30. Rxc7 b3 31. Ng4 f5 32. exf5 Rxf5 33. Kg2 g5
34. Bb2 Kf8 35. c5 1-0

[Event "Mechanics' Shipman TNM; G/2 d/5"]
[Site "San Francisco"]
[Date "2018.08.28"]
[Round "4.5"]
[White "Krasnov, Steven"]
[Black "Gaffagan, Steven"]
[Result "1/2-1/2"]
[WhiteElo "1863"]
[BlackElo "2084"]
[PlyCount "103"]
[EventDate "2018.??.??"]
[Source "ChessBase"]
[SourceDate "2007.09.04"]

1. c4 e6 2. Nf3 Nf6 3. Nc3 d5 4. d4 Bb4 5. e3 O-O 6. Qc2 b6 7. cxd5 exd5 8. Bd3
Bb7 9. O-O Nbd7 10. Ne5 Bd6 11. f4 c5 12. Bd2 Rc8 13. Rae1 a6 14. a4 Bb8 15.
Nxd7 Qxd7 16. Bf5 Qd6 17. Bxc8 Rxc8 18. Rf3 Re8 19. Ne2 c4 20. Ng3 g6 21. Ref1
Bc8 22. h3 b5 23. axb5 axb5 24. Be1 Bc7 25. Qd2 Bd7 26. Qb4 Qb6 27. R1f2 Bd6
28. Qa5 Qb8 29. Rc2 h5 30. Bb4 Bc7 31. Qa3 h4 32. Nf1 Bf5 33. Rc1 Qb7 34. Ra1
Qc8 35. Qa6 Qd8 36. Qxb5 Be4 37. Rf2 Bd3 38. Re1 Ne4 39. Rf3 Re6 40. Bc3 Rb6
41. Qa4 g5 42. Nd2 Rf6 43. fxg5 Nxg5 44. Rxf6 Qxf6 45. Qa8+ Kh7 46. Qxd5 Qg6
47. Qd7 Bg3 48. Ra1 Bf5 49. Qd5 Ne4 50. Rf1 Bf2+ 51. Rxf2 Nxf2 52. Qf3 1/2-1/2

[Event "Mechanics' Winter TNM; G/2 d5"]
[Site "San Francisco"]
[Date "2018.01.23"]
[Round "3.10"]
[White "Krasnov, Steven"]
[Black "Gallegos, Paul A"]
[Result "0-1"]
[WhiteElo "1908"]
[BlackElo "2203"]
[Annotator "Donaldson"]
[PlyCount "78"]
[EventDate "2018.??.??"]
[Source "ChessBase"]
[SourceDate "2007.09.04"]

1. c4 f5 2. Nc3 Nf6 3. g3 e6 4. Bg2 d5 5. d4 c6 6. b3 Bd6 7. Bd2 O-O 8. Nh3
Nbd7 9. O-O Qe7 10. Qc2 Ne4 11. Nxe4 fxe4 12. Bg5 Qf7 13. f3 exf3 14. Rxf3 Qh5
15. Bf4 Be7 16. Raf1 Nf6 17. Be5 Ng4 18. Qc3 Bd7 19. Rxf8+ Rxf8 20. Rxf8+ Bxf8
21. Qf3 Qg6 22. e4 Nxe5 23. dxe5 dxe4 24. Qe3 b6 25. Nf4 Qg4 26. Qxe4 $2 (26.
Qd2 $11) 26... Bc5+ 27. Kf1 Qd1+ 28. Qe1 Qd4 (28... Qc2 $1) 29. h4 b5 30. cxb5
cxb5 31. Bh3 Kf7 (31... Bc6 $1 32. Bxe6+ Kh8 $19) 32. Bg4 b4 33. Nh3 $2 Qxg4
34. Ng5+ Ke7 35. Kg2 h6 36. Qc1 Bc6+ 37. Kf1 Bb5+ 38. Kg2 Qe2+ 39. Kh3 Qf1+ 0-1

[Event "Mechanics' Shipman TNM; G/2 d/5"]
[Site "San Francisco"]
[Date "2018.09.18"]
[Round "7.10"]
[White "Krasnov, Steven"]
[Black "Gossiaux, Ryan"]
[Result "0-1"]
[WhiteElo "1863"]
[BlackElo "1703"]
[PlyCount "70"]
[EventDate "2018.??.??"]
[Source "ChessBase"]
[SourceDate "2007.09.04"]

1. c4 Nf6 2. g3 g6 3. Bg2 Bg7 4. Nc3 O-O 5. Nf3 d5 6. cxd5 Nxd5 7. O-O c6 8. d4
Bg4 9. h3 Bxf3 10. Bxf3 e6 11. e3 Nd7 12. Qb3 Qb6 13. Qxb6 N7xb6 14. Be2 e5 15.
Rd1 exd4 16. exd4 Rfe8 17. Bf3 h6 18. a4 a5 19. Kf1 Nb4 20. Be4 Rad8 21. Be3
Nc4 22. Bc1 Rxd4 23. Rxd4 Bxd4 24. Bf3 Nd3 25. Nd1 Re1+ 26. Kg2 Nde5 27. Bxh6
Nxf3 28. Kxf3 Nxb2 29. Bd2 Rxd1 30. Rxd1 Nxd1 31. Ke2 Nc3+ 32. Kd3 Nb1 33. Bxa5
Bxf2 34. Bb4 b6 35. Kc2 c5 0-1

[Event "Mechanics' Shipman TNM; G/2 d/5"]
[Site "San Francisco"]
[Date "2018.08.07"]
[Round "1.17"]
[White "Krasnov, Steven"]
[Black "Katsman, Solomon"]
[Result "1-0"]
[WhiteElo "1863"]
[BlackElo "1411"]
[PlyCount "85"]
[EventDate "2018.??.??"]
[Source "ChessBase"]
[SourceDate "2007.09.04"]

1. Nf3 d5 2. c4 Nf6 3. cxd5 Nxd5 4. Nc3 e6 5. g3 Nc6 6. Bg2 Bb4 7. O-O O-O 8.
e4 Nde7 9. d4 f5 10. e5 Nd5 11. Bd2 h6 12. Nxd5 Bxd2 13. Nxc7 Qxc7 14. Qxd2 Rd8
15. Qc3 Qb6 16. Rfd1 Qb4 17. Rac1 Qxc3 18. bxc3 Ne7 19. Nd2 Rb8 20. Nc4 Bd7 21.
Nd6 b6 22. f4 Nc8 23. Nc4 Bb5 24. Ne3 Ba6 25. d5 exd5 26. Bxd5+ Kh8 27. Nxf5
Be2 28. Rd4 b5 29. Kf2 Bg4 30. Ne3 Bh5 31. g4 Be8 32. Rcd1 Nb6 33. Bb3 Rxd4 34.
Rxd4 Bc6 35. Rd6 Rc8 36. Be6 Rc7 37. Bf5 Bd7 38. Bxd7 Rxd7 39. Rxd7 Nxd7 40. e6
Nf6 41. e7 Ne8 42. Nd5 Kg8 43. Kf3 1-0

[Event "Mechanics' Summer TNM; G/2 d/5"]
[Site "San Francisco"]
[Date "2018.05.29"]
[Round "1.24"]
[White "Krasnov, Steven"]
[Black "Olson, David R"]
[Result "1-0"]
[WhiteElo "1855"]
[BlackElo "1400"]
[PlyCount "53"]
[EventDate "2018.??.??"]
[Source "ChessBase"]
[SourceDate "2007.09.04"]

1. e4 e5 2. f4 Nc6 3. Bc4 d6 4. d3 Be6 5. Na3 Nd4 6. c3 Bxc4 7. Nxc4 Nc6 8. Nf3
Qe7 9. b4 O-O-O 10. b5 Nb8 11. fxe5 d5 12. exd5 Rxd5 13. a4 f6 14. Ba3 Qe8 15.
Bxf8 Qxf8 16. O-O g5 17. d4 g4 18. Nh4 Qh6 19. Qxg4+ Nd7 20. e6 Ne7 21. exd7+
Rxd7 22. Rae1 Rg8 23. Qf4 Qg7 24. Qxf6 Nd5 25. Qxg7 Rdxg7 26. g3 Nxc3 27. Nf5
1-0

[Event "Mechanics' Spring TNM; G/2 d5"]
[Site "San Francisco"]
[Date "2018.04.24"]
[Round "6.22"]
[White "Krasnov, Steven"]
[Black "Perlov, Alexander"]
[Result "0-1"]
[WhiteElo "1908"]
[BlackElo "1474"]
[PlyCount "106"]
[EventDate "2018.??.??"]
[Source "ChessBase"]
[SourceDate "2007.09.04"]

1. Nf3 d5 2. g3 Nf6 3. Bg2 c6 4. O-O Bf5 5. d3 e6 6. Nbd2 Be7 7. h3 O-O 8. Nh4
Bg6 9. Nxg6 hxg6 10. c4 Nbd7 11. Qc2 Rc8 12. e4 Qb6 13. a3 a5 14. Kh2 Rfd8 15.
f4 dxe4 16. Nxe4 Qd4 17. Bd2 Nc5 18. Bxa5 Qxd3 19. Nxf6+ Bxf6 20. Rac1 Rd7 21.
Bc3 Qxc2 22. Rxc2 Rd3 23. Bxf6 gxf6 24. Re1 Rcd8 25. Bf1 Rd2+ 26. Rxd2 Rxd2+
27. Re2 Rd1 28. Kg2 Nb3 29. g4 Nd2 30. Rf2 g5 31. Bd3 Nb3 32. Bc2 Rd4 33. Bxb3
gxf4 34. Rc2 Kg7 35. c5 e5 36. Bc4 Kg6 37. Kf3 Kg5 38. Bxf7 e4+ 39. Kg2 Kh4 40.
Be6 Rd3 41. Rc3 Rd2+ 42. Kf1 Rxb2 43. Rc4 Rb1+ 44. Ke2 Rb2+ 45. Kd1 Rb1+ 46.
Kc2 Re1 47. Rb4 f3 48. Bc4 f2 49. Rxb7 e3 50. Rf7 e2 51. Rxf6 f1=Q 52. Rxf1
exf1=Q 53. Bxf1 Rxf1 {Remaining moves unavailable but we both blundered some
more in mutual time pressure (Perlov).} 0-1

[Event "Mechanics' Bedjanian TNM; G/2 d/5"]
[Site "San Francisco"]
[Date "2018.11.27"]
[Round "6.15"]
[White "Krasnov, Steven"]
[Black "Rakonitz, David"]
[Result "1-0"]
[WhiteElo "1869"]
[BlackElo "1670"]
[PlyCount "113"]
[EventDate "2018.??.??"]
[Source "ChessBase"]
[SourceDate "2007.09.04"]

1. e4 e6 2. d4 d5 3. Nc3 Bb4 4. Bd3 c5 5. dxc5 Qa5 6. exd5 Bxc3+ 7. bxc3 Qxc3+
8. Bd2 Qe5+ 9. Ne2 Qxd5 10. Nf4 Qxc5 11. O-O Nf6 12. Rb1 Nc6 13. Bb5 O-O 14.
Nd3 Qd6 15. Re1 a6 16. Bf4 Qd5 17. c4 Qd4 18. Be3 Qg4 19. f3 Qh4 20. Bxc6 bxc6
21. Ne5 a5 22. g3 Qh5 23. Nxc6 Bd7 24. g4 Qh3 25. Ne5 Bc8 26. Rb3 Ba6 27. Bg5
Rab8 28. Ree3 Rfd8 29. Rbd3 Rxd3 30. Rxd3 h6 31. Rd8+ Rxd8 32. Qxd8+ Kh7 33.
Bxf6 Bxc4 34. Nxc4 Qxf3 35. Bd4 Qxg4+ 36. Kf2 Qf4+ 37. Ke2 Qxh2+ 38. Bf2 Qh5+
39. Kd2 a4 40. Qa5 Qf3 41. Qc5 Qf4+ 42. Kc2 Qe4+ 43. Kc3 Qf3+ 44. Qe3 Qf6+ 45.
Kb4 Qe7+ 46. Kxa4 Qd7+ 47. Kb4 Qb7+ 48. Nb6 Qe7+ 49. Kb3 Qd8 50. a4 Qd1+ 51.
Kb4 Qb1+ 52. Qb3 Qe4+ 53. Kb5 Qe2+ 54. Qc4 Qxf2 55. a5 Qb2+ 56. Kc6 Qg2+ 57.
Kc7 1-0

[Event "Mechanics' Winter TNM; G/2 d5"]
[Site "San Francisco"]
[Date "2018.01.09"]
[Round "1.21"]
[White "Krasnov, Steven"]
[Black "Sandoval, Robert"]
[Result "1-0"]
[WhiteElo "1908"]
[BlackElo "1392"]
[PlyCount "87"]
[EventDate "2018.??.??"]
[Source "ChessBase"]
[SourceDate "2007.09.04"]

1. e4 c5 2. Nc3 Nc6 3. g3 Nf6 4. Bg2 e6 5. f4 d5 6. e5 Nd7 7. Nf3 Be7 8. O-O
O-O 9. d3 c4 10. d4 Nb6 11. Be3 Bd7 12. a3 a5 13. h4 a4 14. Bh3 Na7 15. Rf2 Nb5
16. Nxb5 Bxb5 17. f5 exf5 18. Bxf5 Bd7 19. Nh2 g6 20. Bxd7 Qxd7 21. Ng4 Qe6 22.
Nf6+ Kh8 23. Bh6 Nd7 24. Nxd7 Qxd7 25. Bxf8 Rxf8 26. Kg2 f5 27. exf6 Rxf6 28.
Rxf6 Bxf6 29. Qf3 Qe6 30. c3 Kg7 31. Rf1 h5 32. Rf2 Kf7 33. Re2 Qd7 34. Re5 Qg4
35. Qxg4 hxg4 36. Rxd5 Ke6 37. Rb5 Be7 38. Kf2 Bd6 39. Rxb7 Kd5 40. Rg7 Ke4 41.
Rxg6 Bxa3 42. bxa3 Kd3 43. d5 Kxc3 44. d6 1-0

[Event "Mechanics' Winter TNM; G/2 d5"]
[Site "San Francisco"]
[Date "2018.02.27"]
[Round "8.9"]
[White "Krasnov, Steven"]
[Black "Walder, Michael"]
[Result "1/2-1/2"]
[WhiteElo "1908"]
[BlackElo "2134"]
[PlyCount "79"]
[EventDate "2018.??.??"]
[Source "ChessBase"]
[SourceDate "2007.09.04"]

1. e4 Nf6 2. d3 d5 3. e5 Nfd7 4. Nf3 e6 5. g3 c5 6. Bg2 Nc6 7. Qe2 Be7 8. h4 b5
9. Bf4 a5 10. O-O O-O 11. Nbd2 Ba6 12. h5 b4 13. Rac1 a4 14. Kh2 Nb6 15. b3 Bb5
16. Rfe1 axb3 17. axb3 Ra2 18. Qd1 Qc7 19. Ra1 Rfa8 20. Rxa2 Rxa2 21. Qb1 Qa7
22. Bf1 Qa3 23. Qc1 Qa6 24. Kg2 h6 25. Be3 Nd7 26. Bf4 Qa7 27. Qb1 f6 28. exf6
Bxf6 29. Qd1 e5 30. Be3 d4 $19 31. Ne4 dxe3 32. fxe3 Be7 33. Kg1 Nf6 34. Nxf6+
Bxf6 35. Bh3 Qf7 36. Nd2 Nd8 37. Ne4 Ne6 $4 38. Nd6 Qe7 39. Nxb5 Ng5 40. Bf1 {
and later drawn. Remaining moves not available.} 1/2-1/2

[Event "Mechanics' Spring TNM; G/2 d5"]
[Site "San Francisco"]
[Date "2018.03.20"]
[Round "1.21"]
[White "Krasnov, Steven"]
[Black "Zulkhuu, Jamyandagva"]
[Result "1-0"]
[WhiteElo "1908"]
[BlackElo "1393"]
[PlyCount "53"]
[EventDate "2018.??.??"]
[Source "ChessBase"]
[SourceDate "2007.09.04"]

1. e4 e5 2. f4 Nc6 3. Nf3 Nf6 4. d3 d6 5. Be2 Be7 6. O-O O-O 7. h3 Nh5 8. Nxe5
dxe5 9. Bxh5 exf4 10. Nc3 Bc5+ 11. Kh2 Qh4 12. Bxf4 g5 13. Bxc7 Be6 14. Bg3 Bd6
15. Bxd6 g4 16. Bxg4 Nd4 17. Bxe6 Nxe6 18. g3 Qg5 19. h4 Qg6 20. Nd5 Kh8 21.
Be5+ f6 22. Bxf6+ Rxf6 23. Rxf6 Qg7 24. Rxe6 Rg8 25. Qf3 Rf8 26. Rf6 Rg8 27.
Rf1 1-0

[Event "Mechanics' Shipman TNM; G/2 d/5"]
[Site "San Francisco"]
[Date "2018.08.21"]
[Round "3.12"]
[White "Kuczek, Kevin"]
[Black "Boldt, Tim"]
[Result "1-0"]
[WhiteElo "1947"]
[BlackElo "1383"]
[PlyCount "43"]
[EventDate "2018.??.??"]
[Source "ChessBase"]
[SourceDate "2007.09.04"]

1. e4 e6 2. d4 d5 3. exd5 exd5 4. c4 c6 5. Nc3 Bd6 6. Nf3 Bg4 7. cxd5 Nf6 8.
dxc6 Nxc6 9. Bb5 O-O 10. Bxc6 bxc6 11. O-O Qc7 12. h3 Bh5 13. Qd3 h6 14. Be3
Rad8 15. Nh4 Rfe8 16. g4 Nxg4 17. hxg4 Bxg4 18. Ng2 c5 19. Nb5 Qb8 20. Nxd6
Rxd6 21. Bf4 cxd4 22. Qg3 1-0

[Event "Mechanics' Shipman TNM; G/2 d/5"]
[Site "San Francisco"]
[Date "2018.09.04"]
[Round "5.3"]
[White "Kuczek, Kevin"]
[Black "Vickers, Keith"]
[Result "1/2-1/2"]
[WhiteElo "1947"]
[BlackElo "2200"]
[Annotator "Winslow,Elliott"]
[PlyCount "104"]
[EventDate "2018.??.??"]
[Source "ChessBase"]
[SourceDate "2007.09.04"]

1. e4 d5 2. exd5 Qxd5 3. Nc3 Qd6 4. d4 Nf6 5. Nf3 c6 6. Bd3 Bg4 7. Be3 e6 8. h3
Bh5 9. g4 Bg6 10. Ne5 Nbd7 11. Nc4 Qc7 12. Qd2 Nd5 13. Nxd5 cxd5 14. Bf4 Qc6
15. Na5 Qb6 16. Nb3 a5 17. c3 a4 18. Nc1 Bd6 19. Rb1 (19. Bxg6 fxg6 20. Nd3 O-O
(20... Bxf4 21. Qxf4 Qb5 22. O-O-O {actually favors White!?}) 21. Bxd6 Qxd6 22.
a3 $11 (22. O-O $11)) 19... O-O 20. h4 $2 {
(White is going to have king in the center problems)} (20. O-O) 20... e5 21.
Be3 exd4 22. Bxd4 Rfe8+ ({Why does Stockfish make} 22... Rae8+ $1 {
that much better? <shrug>}) 23. Ne2 Qc7 24. Bxg6 {
(That's a lot of moves with that bishop-to-bishop situation sitting there!)}
hxg6 25. O-O Qc4 (25... Ne5 26. Bxe5 $17) 26. Nc1 Nc5 27. b3 $6 axb3 28. axb3
Ne4 29. Qc2 Qc8 30. f3 Ng3 31. Rf2 Qd8 32. Rh2 Re1+ 33. Kg2 {[#]} Nh5 $4 34.
gxh5 Bxh2 35. Bf2 $1 {keeps it together} Rxc1 36. Rxc1 Bf4 37. Rd1 gxh5 38. Qf5
Qc7 39. Rxd5 g6 40. Qf6 Qc6 $2 (40... Bh6 $11) 41. Rd8+ Rxd8 42. Qxd8+ Kg7 43.
Bd4+ f6 44. Qe7+ Kg8 $16 45. Bxf6 Bh6 46. Bd4 Bf8 47. Qe5 Kf7 48. Qh8 Be7 49.
Qg7+ Ke8 50. Qe5 (50. Bf2 $16 {keeps that extra pawn and plays on.}) 50... Kf7
(50... Kd7) 51. Qg7+ Ke8 52. Qe5 Kf7 1/2-1/2

[Event "Mechanics' Shipman TNM; G/2 d/5"]
[Site "San Francisco"]
[Date "2018.09.18"]
[Round "7.6"]
[White "Kuczek, Kevin"]
[Black "Walder, Michael S"]
[Result "1-0"]
[WhiteElo "1947"]
[BlackElo "2031"]
[Annotator "Winslow,Elliott"]
[PlyCount "69"]
[EventDate "2018.??.??"]
[Source "ChessBase"]
[SourceDate "2007.09.04"]

1. e4 c5 2. Nc3 Nc6 3. f4 g6 4. Nf3 Bg7 5. Bc4 e6 6. d3 Nge7 7. O-O O-O 8. Qe1
d5 9. Bb3 Nd4 10. Nxd4 cxd4 11. Ne2 dxe4 12. dxe4 b6 13. Qh4 (13. Qf2 $11) (13.
Ng3 $11) 13... Ba6 14. Rf2 (14. Re1) 14... Nc6 (14... d3) 15. Qg3 Na5 16. f5
Nxb3 17. Qxb3 (17. axb3) 17... exf5 18. exf5 Qe7 19. Qf3 (19. Bd2) 19... Rae8 (
19... Rfe8) 20. f6 Bxf6 $2 (20... Qxf6 21. Qxf6 Bxf6 22. Rxf6 Rxe2) 21. Bh6 Bg7
(21... Bh4 22. g3 Bg5) 22. Bxg7 Kxg7 23. Nxd4 $11 Qe1+ 24. Rf1 Qe5 25. Rfd1 Re7
26. Qf2 Bb7 27. Re1 Qc5 28. Rxe7 Qxe7 29. Re1 Qf6 30. Qe3 Rd8 31. c3 Qd6 32.
Qe7 Bd5 33. Qg5 Be6 34. h4 Bc8 35. Re7 {both players stopped recording} 1-0

[Event "Mechanics' Spring TNM; G/2 d5"]
[Site "San Francisco"]
[Date "2018.05.01"]
[Round "7.5"]
[White "Kuczek, Kevin W"]
[Black "Davila, Carlos"]
[Result "1-0"]
[WhiteElo "1916"]
[BlackElo "2137"]
[PlyCount "80"]
[EventDate "2018.??.??"]
[Source "ChessBase"]
[SourceDate "2007.09.04"]

1. e4 c6 2. d4 d5 3. Nc3 dxe4 4. Nxe4 Nf6 5. Nxf6+ gxf6 6. Nf3 Bg4 7. Be2 Nd7
8. c3 Qc7 9. Be3 e5 10. Nd2 Bxe2 11. Qxe2 O-O-O 12. O-O-O h5 13. Kb1 Kb8 14.
Rhf1 exd4 15. Bxd4 c5 16. Be3 Ne5 17. Bf4 Bg7 18. Nc4 Kc8 19. Rxd8+ Rxd8 20.
Qxh5 Qd7 21. Ne3 Nd3 22. Bg3 Qb5 23. Qg4+ f5 24. Qxf5+ Rd7 25. b3 Qa5 26. Nd5
Qa6 27. Rd1 c4 28. Nb4 Qb6 29. Nxd3 Kd8 30. Nb2 Rxd1+ 31. Nxd1 Qc6 32. Qg5+ Bf6
33. Qd2+ Kc8 34. f3 cxb3 35. axb3 Qb5 36. Kc2 a5 37. Nb2 Qc6 38. Qd3 b5 39. c4
a4 40. bxa4 bxa4 {and eventual...} 1-0

[Event "Mechanics' Winter TNM; G/2 d5"]
[Site "San Francisco"]
[Date "2018.01.30"]
[Round "4.18"]
[White "Kuczek, Kevin W"]
[Black "Delgado, David Ale"]
[Result "1/2-1/2"]
[WhiteElo "1916"]
[BlackElo "1706"]
[PlyCount "88"]
[EventDate "2018.??.??"]
[Source "ChessBase"]
[SourceDate "2007.09.04"]

1. e4 c5 2. Nc3 d6 3. f4 Nc6 4. Nf3 Bg4 5. Bb5 e6 6. Bxc6+ bxc6 7. O-O d5 8. d3
Nf6 9. Qe1 d4 10. Na4 Bxf3 11. Rxf3 Nd7 12. b3 Be7 13. Ba3 O-O 14. Qe2 f6 15.
Raf1 Rf7 16. Kh1 Qf8 17. Nb2 Nb6 18. Qe1 a5 19. Nc4 Nxc4 20. bxc4 Rb8 21. Qa1
Qd8 22. Rb1 Bf8 23. Rff1 Rfb7 24. Rxb7 Rxb7 25. Rb1 Rb8 26. Rb3 a4 27. Rxb8
Qxb8 28. Qc1 Bd6 29. g3 Be7 30. Qb2 Qxb2 31. Bxb2 e5 32. Kg2 Kf7 33. Kf3 g6 34.
g4 exf4 35. Kxf4 Bd6+ 36. Kf3 Bxh2 37. Ba3 Bd6 38. Bc1 h5 39. gxh5 gxh5 40. Kg2
Kg6 41. Kh3 f5 42. exf5+ Kxf5 43. Kh4 Bf4 44. Ba3 Bd6 1/2-1/2